| 000 | 01916nam a2200301 a 4500 | ||
|---|---|---|---|
| 001 | 25674 | ||
| 003 | CO-ViMGA | ||
| 008 | 141112s2004 ck r 000 u spa d | ||
| 020 | _a9789586652308 | ||
| 040 |
_aCO-ViMGA _bspa _cCO-ViMGA |
||
| 041 | _aSPA | ||
| 082 | 0 | 4 | _a303.6 C65 |
| 245 | 1 | 0 |
_aConflicto armado, justicia y reconciliación / _ccoordinadoras académicas Gloria María Gallego García y María José González Ordovás |
| 250 | _a1a ed. | ||
| 260 |
_aBogotá : _bSiglo del Hombre, _cUniversidad EAFIT, _cUniversidad de Zaragoza, _cAgencia Española de Cooperación Iternacional para el Desarrollo, _c2013 |
||
| 300 | _a302 p. | ||
| 490 | _aJusticia & Conflicto | ||
| 505 | _aBioética y conductas sociopáticas / Jaime Escobar Trina - - Una pregunta difícil : ¿(Cómo) es posible la neutralidad? / Carlos Eduardo Maldonado - - Bioética y derechos humanos / Pedro Federico Hooft - - Conflits et bioethique dans un monde postmoderne - Conflictos y bioética en un mundo postmoderno / Gilbert Hottois - - Violencia y civilidad / Marcelo Palacios - - Justicia y conflicto en la teoría de John Rawls / Oscar Mejía Quintana - - Colombia : la hora de volver a barajar / Juan Manuel Ospina Restrepo - - Notas para la ponencia de bioética / Francisco Gutiérrez Sanín - - Humanidad, conflicto y violencia / Carlos J. Delgado Díaz - - Conflicto armado y la visión indígena desde la cultura Arhuaca / Leonor Zalabata | ||
| 650 | 1 | 4 |
_aCONFLICTO ARMADO - COLOMBIA _92049 |
| 650 | 1 | 4 |
_aDESPLAZADOS POR LA VIOLENCIA - COLOMBIA _92051 |
| 650 | 1 | 4 | _aPROCESO DE PAZ - COLOMBIA |
| 650 | 1 | 4 |
_aVICTIMAS DE LA VIOLENCIA - COLOMBIA _939485 |
| 651 |
_aDERECHOS HUMANOS - COLOMBIA _939486 |
||
| 700 | 1 |
_aGallego García, Gloria María _939487 |
|
| 700 | 1 |
_aGallego García, Gloria María González Ordovás, María José _939488 |
|
| 700 | 1 |
_aGonzález Ordovás, María José _939489 |
|
| 942 |
_2ddc _cBK |
||
| 999 |
_c5242 _d5242 |
||